[Event "BCF-ch U15"]
[Site "Bournemouth"]
[Date "2016.07.31"]
[Round "1"]
[White "Smith, Sarah E"]
[Black "Hinterreither, Nikolai"]
[Result "0-1"]
[WhiteElo "1471"]
[BlackElo "1681"]
[PlyCount "82"]
[EventDate "2016.07.31"]
[EventType "swiss"]
[EventRounds "7"]
[EventCountry "ENG"]
[SourceTitle "CBM 173 Extra"]
[Source "ChessBase"]
[SourceDate "2016.08.29"]
[SourceVersion "1"]
[SourceVersionDate "2016.08.29"]
[SourceQuality "1"]

1. Nf3 Nf6 2. c4 e6 3. g3 Be7 4. Bg2 0-0 5. 0-0 d5 6. b3 dxc4 7. bxc4 c5 8. Nc3 Nc6 9. d3 a6 10. Bd2 Rb8 11. Rb1 Bd7 12. Rb2 Nd4 13. Ne5 b5 14. e3 Nf5 15. Bc6 b4 16. Ne2 Qc7 17. Nxd7 Nxd7 18. Bg2 Bf6 19. Rb1 a5 20. a3 Ne5 21. axb4 cxb4 22. Qc2 Rfd8 23. e4 Nd4 24. Nxd4 Rxd4 25. Bf4 Qd7 26. Rfd1 Rd8 27. Bxe5 Bxe5 28. Bf1 Bc7 29. Ra1 f5 30. exf5 exf5 31. Re1 f4 32. Qd1 fxg3 33. hxg3 Qf5 34. Qd2 Rxc4 35. Qe3 Rc6 36. Bg2 Rcd6 37. Bf1 Bb6 38. Qd2 Rf8 39. Ra2 Qf3 40. Bg2 Qxg3 41. Kf1 Rg6 0-1

[Event "Hampstead op 30th"]
[Site "Hampstead"]
[Date "2015.07.05"]
[Round "5"]
[White "Hinterreither, Nikolai"]
[Black "Migdal, Benedikt"]
[Result "1-0"]
[WhiteElo "1695"]
[BlackElo "2168"]
[PlyCount "133"]
[EventDate "2015.07.04"]
[EventType "swiss"]
[EventRounds "5"]
[EventCountry "ENG"]
[SourceTitle "CBM 167 Extra"]
[Source "ChessBase"]
[SourceDate "2015.09.14"]
[SourceVersion "1"]
[SourceVersionDate "2015.09.14"]
[SourceQuality "1"]

1. e4 e6 2. d4 d5 3. e5 c5 4. c3 Nc6 5. Nf3 Bd7 6. Be2 f6 7. 0-0 Qc7 8. Bf4 0-0-0 9. Bg3 f5 10. Ng5 Nh6 11. f4 Be7 12. dxc5 Nxe5 13. Nxe6 Bxe6 14. fxe5 Bxc5+ 15. Kh1 g5 16. b4 Bb6 17. Nd2 f4 18. Bf2 Bxf2 19. Rxf2 Qxe5 20. Nf3 Qe3 21. Rf1 Bg4 22. Re1 Bxf3 23. Bxf3 Qb6 24. a4 Nf5 25. Bg4 Qg6 26. Re5 Rhf8 27. Qd3 Kb8 28. Bxf5 Qd6 29. Rae1 d4 30. Re6 Qd7 31. Rf6 Qxa4 32. Rxf8 Rxf8 33. Qxd4 Re8 34. Qd6+ Ka8 35. Rxe8+ Qxe8 36. Qe6 Qd8 37. Qc8+ Qxc8 38. Bxc8 Kb8 39. Bf5 h6 40. b5 Kc7 41. c4 a6 42. bxa6 bxa6 43. Bc2 Kd6 44. Bb3 Kc5 45. Kg1 a5 46. Kf2 g4 47. h3 gxh3 48. gxh3 a4 49. Ba2 Kb4 50. Kf3 Ka3 51. c5 Kxa2 52. c6 Kb2 53. c7 a3 54. c8Q a2 55. Qb7+ Kc2 56. Qa6 Kb1 57. Qb5+ Kc2 58. Qa4+ Kb2 59. Qb4+ Kc2 60. Qa3 Kb1 61. Qb3+ Ka1 62. Kxf4 h5 63. Kg5 h4 64. Qa4 Kb1 65. Kxh4 a1Q 66. Qxa1+ Kxa1 67. Kg5 1-0

[Event "BCF-ch U12"]
[Site "Aberystwyth"]
[Date "2014.07.28"]
[Round "3"]
[White "Hinterreither, Nikolai"]
[Black "Choo, Yin Benjamin"]
[Result "0-1"]
[WhiteElo "146"]
[BlackElo "115"]
[PlyCount "130"]
[EventDate "2014.07.27"]
[EventType "swiss"]
[EventRounds "7"]
[EventCountry "WLS"]
[SourceTitle "EXT 2017"]
[Source "ChessBase"]
[SourceDate "2016.10.25"]
[SourceVersion "1"]
[SourceVersionDate "2016.10.25"]
[SourceQuality "1"]

1. e4 c5 2. c3 Nf6 3. e5 Nd5 4. d4 e6 5. Nf3 cxd4 6. Qxd4 Nc6 7. Qe4 d6 8. Nbd2 dxe5 9. Nxe5 Be7 10. Nxc6 bxc6 11. Nf3 0-0 12. Bd3 Nf6 13. Qe2 Bb7 14. 0-0 Qc7 15. h3 c5 16. c4 Rfd8 17. b3 Rd7 18. Ne5 Rdd8 19. Bb2 Bd6 20. Rad1 Bxe5 21. Bxe5 Qc6 22. f4 Nd7 23. Bb2 Nf8 24. Rd2 Rd7 25. Rfd1 Rad8 26. Qg4 f5 27. Qe2 Ng6 28. Be5 Nxe5 29. fxe5 Rd4 30. Bc2 h6 31. Rxd4 Rxd4 32. Rxd4 cxd4 33. Qd3 Qc5 34. Kf1 Qxe5 35. Qe2 Qxe2+ 36. Kxe2 Bxg2 37. c5 Kf7 38. b4 Ke7 39. b5 Kd7 40. a4 Kc7 41. Bb3 e5 42. a5 g5 43. Be6 f4 44. Kf2 Be4 45. Bg4 Bd5 46. Ke1 e4 47. Kd2 f3 48. b6+ axb6 49. cxb6+ Kb7 50. Ke1 e3 51. Bxf3 Bxf3 52. h4 gxh4 53. a6+ Kxa6 54. b7 Kxb7 55. Kf1 h3 56. Kg1 h2+ 57. Kxh2 e2 58. Kg3 e1Q+ 59. Kxf3 d3 60. Kf4 d2 61. Kf5 d1Q 62. Kf6 Qf3+ 63. Kg7 Qeg3+ 64. Kh7 Qf7+ 65. Kxh6 Qgg6# 0-1

[Event "BCF-chT3 1314 (4NCL)"]
[Site "England"]
[Date "2014.03.23"]
[Round "8.93"]
[White "Hinterreither, Nikolai"]
[Black "Weston, Richard"]
[Result "1/2-1/2"]
[WhiteElo "1716"]
[BlackElo "2195"]
[PlyCount "78"]
[EventDate "2013.11.16"]
[EventType "team-swiss"]
[EventRounds "11"]
[EventCountry "ENG"]
[SourceTitle "EXT 2015"]
[Source "ChessBase"]
[SourceDate "2014.11.20"]
[SourceVersion "1"]
[SourceVersionDate "2014.11.20"]
[SourceQuality "1"]
[WhiteTeam "Sussex Smart Survivors II"]
[BlackTeam "Witney"]
[WhiteTeamCountry "ENG"]
[BlackTeamCountry "ENG"]

1. e4 d6 2. d4 Nf6 3. Nc3 a6 4. Be3 b5 5. a3 Bb7 6. f3 g6 7. Qd2 h5 8. h4 Nc6 9. g3 Bg7 10. 0-0-0 b4 11. axb4 Nxb4 12. Na4 a5 13. Ne2 Bc6 14. Nec3 Rb8 15. d5 Na2+ 16. Nxa2 Bxa4 17. Nc3 Bd7 18. Be2 Qc8 19. Qd3 0-0 20. g4 hxg4 21. fxg4 Qb7 22. b3 a4 23. Nxa4 Bxa4 24. bxa4 Qb4 25. Qc4 Qa3+ 26. Kd2 Rb4 27. Qd3 Nxe4+ 28. Ke1 Qxa4 29. Rh3 Bc3+ 30. Kf1 f5 31. g5 Be5 32. Kg2 Nc5 33. Bxc5 dxc5 34. h5 Rh4 35. Rdh1 Rg4+ 36. Bxg4 Qxg4+ 37. Kf1 Ra8 38. Qf3 Ra1+ 39. Ke2 Qc4+ 1/2-1/2

[Event "BCF-chT3 1314 (4NCL)"]
[Site "England"]
[Date "2014.03.22"]
[Round "7.83"]
[White "Mahoney, Nicholas"]
[Black "Hinterreither, Nikolai"]
[Result "1/2-1/2"]
[WhiteElo "1772"]
[BlackElo "1716"]
[PlyCount "87"]
[EventDate "2013.11.16"]
[EventType "team-swiss"]
[EventRounds "11"]
[EventCountry "ENG"]
[SourceTitle "EXT 2015"]
[Source "ChessBase"]
[SourceDate "2014.11.20"]
[SourceVersion "1"]
[SourceVersionDate "2014.11.20"]
[SourceQuality "1"]
[WhiteTeam "Bradford DCA Knights III"]
[BlackTeam "Sussex Smart Survivors II"]
[WhiteTeamCountry "ENG"]
[BlackTeamCountry "ENG"]

1. e4 e5 2. Nf3 Nc6 3. c3 Nf6 4. d4 exd4 5. e5 Nd5 6. cxd4 Bb4+ 7. Nbd2 d6 8. a3 Bxd2+ 9. Bxd2 dxe5 10. dxe5 h6 11. Bb5 Nde7 12. Qa4 0-0 13. 0-0-0 Qe8 14. Bc3 a6 15. Rhe1 Be6 16. Bd3 Nxe5 17. Qf4 Nxd3+ 18. Rxd3 Qb5 19. Rde3 Nd5 20. Qd4 Nxc3 21. Rxc3 Rad8 22. Qe3 Qb6 23. Qxb6 cxb6 24. h3 Rc8 25. Rxc8 Rxc8+ 26. Kd2 Kf8 27. Nd4 Ke7 28. Nxe6 fxe6 29. Re3 Rd8+ 30. Kc2 Rd5 31. Rg3 g5 32. h4 Rf5 33. f3 gxh4 34. Rg7+ Kf6 35. Rxb7 Rxf3 36. gxf3 h3 37. Rd7 Kg5 38. f4+ Kxf4 39. Rd4+ Kg5 40. Rd3 Kg4 41. Rd4+ Kg3 42. Rd3+ Kg2 43. Rd2+ Kg3 44. Rd3+ 1/2-1/2

[Event "High Wycombe e2e4 op U2050"]
[Site "High Wycombe"]
[Date "2013.10.13"]
[Round "5"]
[White "Hinterreither, Nikolai"]
[Black "Bullen, Alex"]
[Result "1/2-1/2"]
[WhiteElo "1696"]
[BlackElo "1994"]
[PlyCount "57"]
[EventDate "2013.10.11"]
[EventType "swiss"]
[EventRounds "5"]
[EventCountry "ENG"]
[SourceTitle "EXT 2015"]
[Source "ChessBase"]
[SourceDate "2014.11.20"]
[SourceVersion "1"]
[SourceVersionDate "2014.11.20"]
[SourceQuality "1"]

1. e4 c5 2. c3 d5 3. exd5 Qxd5 4. d4 Nf6 5. Nf3 Bg4 6. Be2 e6 7. h3 Bh5 8. 0-0 Nc6 9. Be3 cxd4 10. cxd4 Be7 11. Nc3 Qd6 12. a3 a6 13. Qb3 0-0 14. Rfd1 Rfd8 15. Rac1 b5 16. d5 exd5 17. g4 Bg6 18. g5 Ne4 19. Nxd5 Na5 20. Qa2 Qe6 21. Nxe7+ Qxe7 22. Rxd8+ Qxd8 23. Rd1 Qe7 24. Qd5 Re8 25. Qd7 Kf8 26. Qxe7+ Kxe7 27. Nh4 Nb7 28. Nxg6+ hxg6 29. Bf3 1/2-1/2

[Event "High Wycombe e2e4 op U2050"]
[Site "High Wycombe"]
[Date "2013.10.12"]
[Round "3"]
[White "Hinterreither, Nikolai"]
[Black "Ross, Stuart"]
[Result "1-0"]
[WhiteElo "1696"]
[BlackElo "1634"]
[PlyCount "67"]
[EventDate "2013.10.11"]
[EventType "swiss"]
[EventRounds "5"]
[EventCountry "ENG"]
[SourceTitle "EXT 2015"]
[Source "ChessBase"]
[SourceDate "2014.11.20"]
[SourceVersion "1"]
[SourceVersionDate "2014.11.20"]
[SourceQuality "1"]

1. e4 c5 2. c3 Nf6 3. e5 Nd5 4. d4 cxd4 5. Qxd4 e6 6. Nf3 Nc6 7. Qe4 Qb6 8. Bc4 Nde7 9. Bb3 Ng6 10. 0-0 d5 11. exd6 Bxd6 12. Nbd2 Qc7 13. Nc4 Be7 14. Be3 b5 15. Ncd2 0-0 16. Nd4 Bb7 17. Nxb5 Qc8 18. Qc2 Nce5 19. Nxa7 Rxa7 20. Bxa7 Qc6 21. f3 Ng4 22. Nc4 Bc5+ 23. Bxc5 Qxc5+ 24. Kh1 Nf4 25. h3 Qh5 26. Kg1 Qc5+ 27. Rf2 Bxf3 28. hxg4 Ne2+ 29. Kf1 Ng3+ 30. Ke1 Be4 31. Qd2 Qe7 32. g5 Rd8 33. Qf4 Rd3 34. Qb8+ 1-0

[Event "High Wycombe e2e4 U2000 op 03"]
[Site "High Wycombe"]
[Date "2013.03.10"]
[Round "4"]
[White "Hinterreither, Nikolai"]
[Black "Jackson, Gary"]
[Result "0-1"]
[WhiteElo "1726"]
[BlackElo "1926"]
[PlyCount "138"]
[EventDate "2013.03.08"]
[EventType "swiss"]
[EventRounds "5"]
[EventCountry "ENG"]
[SourceTitle "EXT 2015"]
[Source "ChessBase"]
[SourceDate "2014.11.20"]
[SourceVersion "1"]
[SourceVersionDate "2014.11.20"]
[SourceQuality "1"]

1. e4 c5 2. c3 Nf6 3. e5 Nd5 4. d4 cxd4 5. Qxd4 e6 6. Nf3 Nc6 7. Qe4 g6 8. Nbd2 Bg7 9. Bd3 Nb6 10. Nc4 Nxc4 11. Bxc4 Qa5 12. Bf4 b5 13. Bb3 Rb8 14. 0-0 Bb7 15. Qe2 b4 16. c4 Qc7 17. Rfe1 Na5 18. Rac1 0-0 19. Nd4 a6 20. Bd1 Nc6 21. Nxc6 Qxc6 22. Qf3 Qc5 23. Qe3 Qa5 24. Bb3 Rfc8 25. Qd3 Bc6 26. Qd2 Qc7 27. Qe3 a5 28. Bd1 a4 29. b3 axb3 30. axb3 Ra8 31. Bf3 Ra2 32. Bxc6 Qxc6 33. Ra1 Rca8 34. Qd4 Bf8 35. Rad1 Bc5 36. Qxd7 Bxf2+ 37. Kf1 Qxd7 38. Rxd7 Bxe1 39. Kxe1 Rxg2 40. Rd1 Raa2 41. Kf1 Raf2+ 42. Ke1 Rxf4 43. Rd8+ Kg7 44. Rd2 Re4+ 45. Kd1 Rxd2+ 46. Kxd2 Rxe5 47. c5 Rxc5 48. h4 Rc3 49. h5 g5 50. h6+ Kxh6 51. Ke2 Rxb3 52. Kd2 Rc3 53. Ke2 f5 54. Kd2 e5 55. Ke2 e4 56. Kd2 f4 57. Ke2 g4 58. Kd2 Kg5 59. Ke2 b3 60. Kd2 Rc2+ 61. Kd1 h5 62. Ke1 h4 63. Kd1 h3 64. Ke1 g3 65. Kd1 f3 66. Ke1 e3 67. Kd1 h2 68. Ke1 g2 69. Kd1 h1Q# 0-1

[Event "High Wycombe e2e4 U2000 op 03"]
[Site "High Wycombe"]
[Date "2013.03.10"]
[Round "5"]
[White "Liang, Jake Z"]
[Black "Hinterreither, Nikolai"]
[Result "1/2-1/2"]
[WhiteElo "1648"]
[BlackElo "1726"]
[PlyCount "172"]
[EventDate "2013.03.08"]
[EventType "swiss"]
[EventRounds "5"]
[EventCountry "ENG"]
[SourceTitle "EXT 2015"]
[Source "ChessBase"]
[SourceDate "2014.11.20"]
[SourceVersion "1"]
[SourceVersionDate "2014.11.20"]
[SourceQuality "1"]

1. d4 d5 2. Nf3 e6 3. g3 Nf6 4. Bg2 Be7 5. 0-0 0-0 6. c4 Nbd7 7. Qc2 c6 8. Bf4 b6 9. Nbd2 Bb7 10. Rfd1 Rc8 11. Ne5 c5 12. dxc5 bxc5 13. Nb3 Nb6 14. cxd5 exd5 15. Bh3 Rc7 16. Na5 Bd6 17. Nxb7 Rxb7 18. Nc6 Qc7 19. Na5 Rbb8 20. Bxd6 Qxd6 21. e4 Rfe8 22. exd5 Nbxd5 23. Bg2 Qc7 24. Nb3 Ne7 25. Qxc5 Qxc5 26. Nxc5 Rxb2 27. Nd7 Rc8 28. Bh3 Rcc2 29. Ne5 g6 30. a3 Rd2 31. Re1 Re2 32. Nc4 Rbc2 33. Rxe2 Rxe2 34. Bg2 Rc2 35. Ne3 Rc7 36. Rb1 Kg7 37. Bf3 Nd7 38. Kg2 Ne5 39. Rb3 Nxf3 40. Kxf3 f5 41. h3 Kf6 42. g4 Ke6 43. Rd3 Nc6 44. gxf5+ gxf5 45. Kf4 Ne7 46. Rb3 Nd5+ 47. Nxd5 Kxd5 48. Rb5+ Ke6 49. Re5+ Kd7 50. Rxf5 Rc4+ 51. Kg5 Ke6 52. Ra5 Rc7 53. Kf4 Rf7+ 54. Ke3 Rb7 55. Ke4 Kf6 56. f4 Kf7 57. Kf5 Rc7 58. Kg5 Kg7 59. Ra6 Rc5+ 60. f5 Rc7 61. h4 Rb7 62. Re6 Rc7 63. f6+ Kf7 64. Re7+ Rxe7 65. fxe7 Kxe7 66. Kh6 Kf6 67. Kxh7 Kf7 68. h5 a6 69. a4 a5 70. h6 Kf8 71. Kg6 Kg8 72. Kf6 Kh7 73. Ke6 Kxh6 74. Kd6 Kg6 75. Kc5 Kf7 76. Kb5 Ke7 77. Kxa5 Kd7 78. Ka6 Kc6 79. Ka7 Kc7 80. a5 Kc8 81. Ka8 Kc7 82. Ka7 Kc8 83. Ka8 Kc7 84. a6 Kc8 85. Ka7 Kc7 86. Ka8 Kc8 1/2-1/2